000 01311nam a2200313 i 4500
003 EG-GICUC
005 20260211221640.0
008 260211s1966 |||||||fr|||| 00| 0 ara d
040 _a EG-GICUC
_bara
_c EG-GICUC
_d EG-GICUC
_erda
041 _aara
082 0 4 _a343.442
_bس ع . ش
_221
092 0 4 _221
099 _aLaw1 10 343.442 س ع . ش 1966 1006256
100 0 _aسعد العيسوي.
_eمؤلف.
245 1 0 _aشرح قانون الحكام العسكرية الجديد الصادر بالقانون 25 لسنة 1966 :
_bدراسة تحليلية، شرح وتعليق على النصوص /
_cسعد العيسوي، كمال حمدي.
264 1 _aالقاهرة :
_bدار المعارف بمصر،
_c1966.
300 _a397 صفحة ؛
_c24 سم
_bإيضاحيات، صور، مثيليات ؛
336 _2rda content
_atext
337 _2rda media
_aComputer
338 _2rda carrier
_aOnline Resource
504 _aيشتمل على ارجاعات ببليوجرافية
650 1 _aقانون العقوبات العسكري.
_2qrmak
650 1 _aالقانون الجنائي.
_2qrmak
651 1 _2qrmak
700 0 _aكمال حمدي.
_eمؤلف مشارك.
856 4 0 _uhttps://fll.law.cu.edu.eg/fulltext/bks/B10-06256.pdf
905 _a18
942 _2ddc
_cBK
_e21
_n0
999 _c62724
_d62724